| 000 | 01098nam a2200241Ia 4500 | ||
|---|---|---|---|
| 003 | Ost | ||
| 005 | 20260507075036.0 | ||
| 008 | 260507s9999||||xx |||||||||||||| ||und|| | ||
| 020 | _a4325125977 | ||
| 040 | _cfsecg | ||
| 041 | _aara | ||
| 082 | _a330 | ||
| 100 |
_aعبد العزبز، سمير محمد _eمؤلف |
||
| 245 | 0 |
_aعالمية تجارة القرن الحادي والعشرين (2) : _bالتكتلات الإقتصادية الإقليمية في إطار العولمة / _c سمير محمد عبد العزبز |
|
| 260 |
_aالإسكندرية: _bالمكتب العربي الحديث, _c2006 |
||
| 300 |
_a539 صفحة؛ _bإيضاحات ؛ _c24 سم |
||
| 520 | _aالكوميسا- مجموعة 15 -أوروبا الموحدة- المشاركة الأروبية الإفريقية المتوسطية- منطقة التجارة العربية الحرة | ||
| 653 | _aالإقتصاد الدولي | ||
| 653 | _aالتجارة الخارجية | ||
| 653 | _aالتكتلات الإقتصادية - الدولية | ||
| 653 | _aالعولمة | ||
| 942 | _cكتاب | ||
| 999 |
_c42460 _d42460 |
||